00516 2200193 4500001002100000005001500021035002000036245005200056100002400108250001000132300002300142260004000165082001000205084001600215020002200231650001400253008004100267990001400308INLIS00000000000203120260423090241 a0010-04260000301 aPsikologi Sosial Terapan /cElis Anisah Fitriah0 aElis Anisah Fitriah aCet I a122 hlm. ;c24 cm. aBandung :bRemaja Rosdakarya,c2014 a152.4 a152.4 ELI p a978-979-692-544-5 4aPsikologi260423 0 ind  a201700243